La búsqueda de paradigmas como un impedimento de la comprensión (Registro nro. 16110)

Detalles MARC
000 -LEADER
fixed length control field 00360 a2200109 4500
001 - CONTROL NUMBER
control field ART_2983
005 - DATE AND TIME OF LATEST TRANSACTION
control field 20260410161711.0
008 - FIXED-LENGTH DATA ELEMENTS--GENERAL INFORMATION
fixed length control field 260409a
100 1# - MAIN ENTRY--PERSONAL NAME
Personal name Hirschman, Albert O.
245 10 - TITLE STATEMENT
Title La búsqueda de paradigmas como un impedimento de la comprensión
773 0# - HOST ITEM ENTRY
Title Desarrollo económico
Related parts - Vol. 10, Nº 37 (abr./jun. 1970)
Record control number REV1174

No hay ítems disponibles.